000 01664nam a2200253Ia 4500
003 Ost
005 20260507075326.0
008 260507s9999||||xx |||||||||||||| ||und||
020 _a8011438977
040 _cfsecg
041 _aara
082 _a657.48
100 _aبدوي، محمد عباس
_eمؤلف
245 0 _aالمحاسبة المالية :
_bمدخل نظم المعلومات /
_c محمد عباس بدوي
260 _aالاسكندرية:
_bالمكتب الجامعي الحديث,
_c2008
300 _a784 صفحة؛
_bإيضاحات ؛
_c25 سم
504 _a(اقتناءات 2014 1ن)
520 _aأساسيات المحاسبة المالية كنظام للمعلومات، طبيعة المحاسبة كنظام للمعلومات و أسس تشغيل القطاع المحاسبي، المحاسبة في المشروع التجاري و في المشروع الصناعي، التحصيل و السداد باستخدام الأوراق المالية، اليوميات الخاصة و الحسابات المساعدة و الاجمالية، التسويات الجردية و تحليل القوائم المالية، جرد و تسوية الخصوم، المخزون ، الأصول الثابتة و الخصوم، الأخطاء المحاسبية و كيفية معالجتها، قراءة و تحليل التقارير المالية
653 _aالمالية العامة-محاسبة
653 _aالمحاسبة التحليلية
653 _aنظم المعلومات- المؤسسة الممتدة
700 _aعلي، عبد الوهاب نصر
_eمؤلف ثانوي
942 _cكتاب
999 _c43965
_d43965